000 00759nam a2200289Ia 4500
005 20260324131123.0
008 008 260324s9999 xx 000 0 eng d
020 _a9780203763896
037 _aEBOOK
040 _aCRL
040 _beng
040 _cCRL
041 _2eng
041 _aeng
084 _qCRL
100 _aVanessa Urch Druskat; Fabio Sala; Gerald Mount
_91184295
245 0 _aLinking Emotional Intelligence and Performance at Work
245 0 _bCurrent Research Evidence With Individuals and Groups
260 _bTaylor and Francis
260 _c2006
365 _a
365 _b290
856 _uhttp://www.taylorfrancis.com/books/9780203763896
942 _cEBOOK
999 _c1781185
_d1781185